[Event "World Blitz Women 2022"]
[Site "Almaty KAZ"]
[Date "2022.12.30"]
[Round "13.21"]
[White "Gaponenko, Inna"]
[Black "Munkhzul, Turmunkh"]
[Result "0-1"]
[WhiteTitle "IM"]
[BlackTitle "WIM"]
[WhiteElo "2341"]
[BlackElo "2318"]
[WhiteFideId "14101181"]
[BlackFideId "4901878"]
[EventDate "2022.12.29"]

1. e4 c5 2. Nf3 d6 3. d4 cxd4 4. Nxd4 Nf6 5. Nc3 a6 6. Be3 e5 7. Nb3 Be6 8. Qd2
Nbd7 9. O-O-O Be7 10. f4 b5 11. f5 Bc4 12. Kb1 O-O 13. g4 Nxg4 14. Rg1 Ndf6 15.
h3 Nxe3 16. Qxe3 Bxb3 17. cxb3 Kh8 18. Be2 Qc7 19. Qg5 Rg8 20. Qd2 Qa7 21. Bd3
Rac8 22. Rg2 b4 23. Ne2 d5 24. exd5 Nxd5 25. Rg3 Rcd8 26. Qe1 Ne3 27. Rd2 Bh4
28. Nc1 Bxg3 29. Qxg3 Nf1 0-1

[Event "World Blitz Women 2022"]
[Site "Almaty KAZ"]
[Date "2022.12.30"]
[Round "13.22"]
[White "Injac, Teodora"]
[Black "Nurgali, Nazerke"]
[Result "1-0"]
[WhiteTitle "WGM"]
[BlackTitle "WIM"]
[WhiteElo "2365"]
[BlackElo "2168"]
[WhiteFideId "932400"]
[BlackFideId "13711261"]
[EventDate "2022.12.29"]

1. Nf3 d5 2. g3 c5 3. Bg2 Nc6 4. d4 Nf6 5. O-O e6 6. c4 dxc4 7. dxc5 Qxd1 8.
Rxd1 Bxc5 9. Nbd2 c3 10. bxc3 O-O 11. Nb3 Bb6 12. c4 e5 13. Ba3 Re8 14. Rac1 Bf5
15. c5 Bc7 16. Nfd2 Rad8 17. Nc4 Bg4 18. Nd6 Bxd6 19. cxd6 Bxe2 20. Rd2 Bg4 21.
h3 Bd7 22. Nc5 Nd4 23. Nxb7 Rb8 24. Nc5 Bb5 25. Kh2 Nd7 26. Nxd7 Bxd7 27. Rc7
Red8 28. Rxa7 h5 29. Rb2 Nb5 30. Ra5 h4 31. gxh4 f6 32. Bc5 Nc3 33. Rxb8 Rxb8
34. Ra7 Be6 35. d7 Rd8 36. Bc6 1-0

[Event "World Blitz Women 2022"]
[Site "Almaty KAZ"]
[Date "2022.12.30"]
[Round "13.23"]
[White "Kovanova, Baira"]
[Black "Savitha, Shri B"]
[Result "0-1"]
[WhiteTitle "WGM"]
[BlackTitle "WIM"]
[WhiteElo "2317"]
[BlackElo "2411"]
[WhiteFideId "4164083"]
[BlackFideId "35061887"]
[EventDate "2022.12.29"]

1. e4 c5 2. Nf3 d6 3. d4 cxd4 4. Nxd4 Nf6 5. Nc3 Nc6 6. Bg5 e6 7. Qd2 a6 8. Nxc6
bxc6 9. Bc4 Be7 10. Bb3 O-O 11. O-O h6 12. Bf4 e5 13. Be3 Ng4 14. Rad1 Nxe3 15.
Qxe3 Rb8 16. f4 exf4 17. Qxf4 Be6 18. Kh1 Qa5 19. Ne2 c5 20. c4 Qc7 21. Ng3 a5
22. Rf2 Rb6 23. Nh5 Bg5 24. Qg3 Qe7 25. h4 a4 26. Bxa4 Bxc4 27. hxg5 hxg5 28.
Bb3 Bxb3 29. axb3 Rb4 30. Qxd6 Qxe4 31. Kg1 Qg4 32. Rfd2 Qxh5 33. Re1 Rbb8 34.
Qxc5 Qh4 35. Qe3 g4 36. Rd4 g6 37. Qf2 Qh5 38. Qg3 Qc5 39. Qe3 Rxb3 40. Qxb3
Qxd4+ 41. Kh1 Qf2 42. Qe3 Qh4+ 43. Kg1 g3 44. Qe4 Qh2+ 45. Kf1 Rd8 46. Ke2 Qh5+
47. Kf1 Qg5 48. Kg1 Qc5+ 49. Qe3 Qxe3+ 0-1

[Event "World Blitz Women 2022"]
[Site "Almaty KAZ"]
[Date "2022.12.30"]
[Round "13.24"]
[White "Balabayeva, Xeniya"]
[Black "Bivol, Alina"]
[Result "1/2-1/2"]
[WhiteTitle "WIM"]
[BlackTitle "IM"]
[WhiteElo "2183"]
[BlackElo "2364"]
[WhiteFideId "13719688"]
[BlackFideId "4100123"]
[EventDate "2022.12.29"]

1. e4 e5 2. Nf3 Nc6 3. Bc4 Nf6 4. d3 h6 5. Nc3 d6 6. a4 g5 7. Be3 Bg7 8. Qd2 a6
9. h4 g4 10. Ng1 Nh5 11. Nge2 Nd4 12. Ng3 Nxg3 13. fxg3 Be6 14. Rf1 Bxc4 15.
dxc4 Qd7 16. a5 Ne6 17. O-O-O O-O-O 18. b3 h5 19. Kb1 Rhf8 20. Nd5 Nd4 21. Bg1
Kb8 22. Kb2 f5 23. c3 Nc6 24. exf5 Rxf5 25. Rxf5 Qxf5 26. Qe3 Rf8 27. c5 Qg6 28.
cxd6 Qxd6 29. Rd2 Bh6 30. Nf4 exf4 31. Rxd6 fxe3 32. Rxh6 Re8 33. Rxh5 e2 34.
Bf2 Rf8 35. Be1 Rf1 36. Bd2 e1=Q 37. Bxe1 Rxe1 38. Rg5 Re2+ 39. Ka3 Rxg2 40.
Rxg4 Kc8 41. Rg7 Rh2 42. b4 Ne5 43. Kb3 Rh3 44. Rg5 Nf3 45. Rg7 Nd2+ 46. Kc2 Ne4
47. g4 Rxh4 48. Kd3 Nd6 49. g5 Rg4 50. Ke3 Nf5+ 51. Kf3 Nxg7 52. Kxg4 Kd7 53. g6
Ke6 54. Kg5 b6 55. b5 Kd6 56. bxa6 Kc6 57. axb6 Kxb6 58. Kf6 Nh5+ 59. Kg5 Ng7
60. Kf6 Ne8+ 61. Kf7 Nd6+ 62. Ke6 Ne8 63. Kf7 Nd6+ 64. Ke6 Ne8 1/2-1/2

[Event "World Blitz Women 2022"]
[Site "Almaty KAZ"]
[Date "2022.12.30"]
[Round "13.25"]
[White "Nurmanova, Alua"]
[Black "Mammadova, Gulnar"]
[Result "0-1"]
[WhiteTitle "WIM"]
[BlackTitle "IM"]
[WhiteElo "2191"]
[BlackElo "2376"]
[WhiteFideId "13729390"]
[BlackFideId "13403508"]
[EventDate "2022.12.29"]

1. e4 e6 2. d4 d5 3. Nc3 Bb4 4. e5 c5 5. a3 Bxc3+ 6. bxc3 Qa5 7. Bd2 Qa4 8. Qg4
Kf8 9. Bd3 c4 10. Be2 Qxc2 11. Nf3 Ne7 12. O-O h5 13. Qg5 Qg6 14. Qf4 Qf5 15.
Qe3 h4 16. h3 Nbc6 17. Bd1 Qd3 18. Qxd3 cxd3 19. Ne1 Na5 20. Nxd3 Nc4 21. Bg5 b6
22. Re1 Nf5 23. Bg4 Ne7 24. a4 a5 25. Reb1 Bd7 26. Nb2 Nxb2 27. Rxb2 Nc8 28. Bf3
Ra7 29. Bd2 f6 30. Bf4 Kf7 31. Be2 g5 32. Bd2 fxe5 33. dxe5 Rg8 34. c4 dxc4 35.
Bxc4 Rc7 36. Be2 Rc5 37. f4 gxf4 38. Bxf4 Bc6 39. Bh5+ Ke7 40. Rf2 Kd7 41. Bg4
Ne7 42. Rd2+ Bd5 43. Be3 Rc6 44. Bf2 Kc7 45. Bxh4 Ng6 46. Bg3 Rc3 47. Kh2 Rc4
48. Rb2 Rb4 49. Rc2+ Kb7 50. Be2 Ne7 51. Bb5 Nf5 52. Be1 Ne3 53. Rf2 Rf4 54. g3
Rf5 55. Rxf5 Nxf5 56. Bf2 Rc8 57. Re1 Rc2 58. Re2 Rc1 59. Bg1 Nd4 60. Rf2 Nf3+
61. Rxf3 Bxf3 62. g4 Bd5 63. g5 Rc2+ 64. Kg3 Rg2+ 65. Kf4 Rxg1 66. h4 Kc7 67.
Be2 Kd8 68. h5 Ke7 69. h6 Ba2 70. h7 Rh1 71. g6 Kf8 72. Kg5 Kg7 73. Bd3 Rg1+ 74.
Kf4 Bd5 75. Bc2 Bc6 76. Ke3 Be8 77. Kf2 Rg5 0-1

[Event "World Blitz Women 2022"]
[Site "Almaty KAZ"]
[Date "2022.12.30"]
[Round "13.26"]
[White "Balajayeva, Khanim"]
[Black "Borisova, Ekaterina"]
[Result "0-1"]
[WhiteTitle "WGM"]
[BlackTitle "FM"]
[WhiteElo "2379"]
[BlackElo "2223"]
[WhiteFideId "13406396"]
[BlackFideId "34124184"]
[EventDate "2022.12.29"]

1. e4 e5 2. Nf3 Nc6 3. Bc4 Nf6 4. d3 h6 5. c3 g5 6. Nbd2 Bg7 7. Bb3 d6 8. Nc4
Ne7 9. Ne3 Be6 10. Bxe6 fxe6 11. h4 g4 12. Ng1 h5 13. Ne2 Qd7 14. Bd2 Bh6 15.
Qc2 O-O-O 16. O-O-O Rdf8 0-1

[Event "World Blitz Women 2022"]
[Site "Almaty KAZ"]
[Date "2022.12.30"]
[Round "13.27"]
[White "Kurmangaliyeva, Liya"]
[Black "Voit, Daria"]
[Result "0-1"]
[WhiteTitle "FM"]
[BlackTitle "WGM"]
[WhiteElo "2287"]
[BlackElo "2347"]
[WhiteFideId "13725831"]
[BlackFideId "4182146"]
[EventDate "2022.12.29"]

1. e4 c6 2. d4 d5 3. f3 g6 4. Nc3 Bg7 5. Be3 Qb6 6. Rb1 e5 7. Na4 Qa5+ 8. c3 Ne7
9. dxe5 dxe4 10. Bc5 exf3 11. Nxf3 Bg4 12. b4 Bxf3 13. gxf3 Qd8 14. Qxd8+ Kxd8
15. f4 Nd5 16. Rd1 Nd7 17. Bh3 b5 18. c4 bxc4 19. Bd6 Bh6 20. Rd4 N7b6 21. f5
Nxa4 22. Rxc4 Rc8 23. fxg6 hxg6 24. Bxc8 Kxc8 25. Rxc6+ Kb7 26. Rc2 Bf4 27. Rf2
g5 28. Ke2 Nac3+ 29. Kd3 Nb5 30. Bc5 Rd8 31. Ke4 Ndc3+ 32. Kf5 Nd4+ 33. Kg4 Ne6
34. Re1 Nxc5 35. bxc5 Kc6 36. Rc2 Nd5 37. e6 Ne3+ 38. Rxe3 Bxe3 39. Re2 Bxc5 40.
exf7 Rf8 41. Re6+ Kd5 42. Rf6 Be3 43. Kf5 Bd4 44. Ra6 Rxf7+ 45. Kxg5 Rf2 46. h4
Rg2+ 47. Kh6 Rh2 48. h5 Kc4 49. Kg6 Be3 50. Ra3 Bc5 51. Ra6 Kb5 52. Re6 Rg2+ 53.
Kh7 Rxa2 54. h6 a5 55. Kg8 Rg2+ 56. Kf7 Bd4 57. Re4 Bc3 58. Re3 Kb4 59. h7 Rh2
60. Kg8 a4 61. Re4+ Kb3 62. Re3 a3 0-1

[Event "World Blitz Women 2022"]
[Site "Almaty KAZ"]
[Date "2022.12.30"]
[Round "13.28"]
[White "Hajiyeva, Laman"]
[Black "Beydullayeva, Govhar"]
[Result "0-1"]
[WhiteTitle "WFM"]
[BlackTitle "WGM"]
[WhiteElo "2135"]
[BlackElo "2387"]
[WhiteFideId "13415875"]
[BlackFideId "13413015"]
[EventDate "2022.12.29"]

1. e4 c5 2. c3 d5 3. exd5 Nf6 4. Qa4+ Nbd7 5. Qb3 g6 6. Nf3 Bg7 7. Be2 O-O 8.
O-O b6 9. c4 Bb7 10. Nc3 e6 11. dxe6 fxe6 12. d4 cxd4 13. Nxd4 Nc5 14. Qd1 Qe7
15. Be3 Rad8 16. Qe1 Nh5 17. Bxh5 gxh5 18. Nde2 Nd3 19. Qb1 Qh4 20. Ng3 Qg4 21.
f3 Qg6 22. Nge4 Ne5 23. Ng5 Nxc4 24. Qxg6 hxg6 25. Bf2 Nxb2 26. Rac1 Nd3 27. Rc2
Rc8 28. Nxe6 Nxf2 29. Nxf8 Kxf8 30. Kxf2 Bxc3 31. Rfc1 Bd4+ 32. Ke2 Rxc2+ 33.
Rxc2 Bc5 34. Kd3 Ke7 35. Re2+ Kf6 36. Kc3 Bd5 37. a4 a5 38. Re8 Bb4+ 39. Kd4 Bc6
40. Rc8 Bxa4 41. Kd5 Bb3+ 42. Kc6 Bc5 43. Kb5 a4 44. Rc6+ Kf5 45. g4+ hxg4 46.
fxg4+ Kg5 47. h4+ Kxg4 48. Rxg6+ Kxh4 49. Rg2 a3 50. Rd2 a2 0-1

[Event "World Blitz Women 2022"]
[Site "Almaty KAZ"]
[Date "2022.12.30"]
[Round "13.29"]
[White "Nakhbayeva, Guliskhan"]
[Black "Enkhtuul, Altan-Ulzii"]
[Result "1-0"]
[WhiteTitle "IM"]
[BlackTitle "WGM"]
[WhiteElo "2326"]
[BlackElo "2285"]
[WhiteFideId "13704788"]
[BlackFideId "4901444"]
[EventDate "2022.12.29"]

1. d4 Nf6 2. c4 c5 3. d5 b5 4. cxb5 a6 5. bxa6 g6 6. Nc3 Bxa6 7. Nf3 d6 8. e4
Bxf1 9. Kxf1 Bg7 10. g3 O-O 11. Kg2 Na6 12. Qe2 Nd7 13. Rd1 Qb6 14. Bg5 Rfb8 15.
Rd2 Kf8 16. h4 h6 17. Bf4 Nf6 18. Qe3 Ng4 19. Qe2 Nb4 20. e5 dxe5 21. Nxe5 Nxe5
22. Bxe5 Re8 23. Bxg7+ Kxg7 24. h5 g5 25. a3 Na6 26. Re1 Rad8 27. Qc4 Qb7 28.
Kg1 e6 29. d6 Qc6 30. Ne4 f5 31. b4 Rxd6 32. Nxd6 Rd8 33. Qxe6 cxb4 34. Qe7+ 1-0

[Event "World Blitz Women 2022"]
[Site "Almaty KAZ"]
[Date "2022.12.30"]
[Round "13.30"]
[White "Garifullina, Leya"]
[Black "Atalik, Ekaterina"]
[Result "1/2-1/2"]
[WhiteTitle "IM"]
[BlackTitle "IM"]
[WhiteElo "2357"]
[BlackElo "2403"]
[WhiteFideId "34127035"]
[BlackFideId "4130189"]
[EventDate "2022.12.29"]

1. e4 c6 2. d4 d5 3. e5 Bf5 4. Nf3 e6 5. Be2 h6 6. O-O Ne7 7. Nbd2 Nd7 8. Nb3
Bh7 9. a4 Ng6 10. a5 Be7 11. Bd3 O-O 12. Re1 Nh8 13. Bxh7+ Kxh7 14. Qd3+ Kg8 15.
c4 Ng6 16. Nbd2 Qc7 17. c5 f5 18. b4 a6 19. Nb1 Nh4 20. Nxh4 Bxh4 21. Nc3 Be7
22. Kf1 Qd8 23. Ke2 Qe8 24. Qf3 g5 25. Kd2 Qg6 26. Qd3 Kg7 27. Kc2 f4 28. Bd2
Qxd3+ 29. Kxd3 Rf7 30. Rh1 Nf8 31. f3 Ng6 32. Be1 h5 33. h3 Rh8 34. Bf2 Bd8 35.
Ne2 Ne7 36. h4 g4 37. Be1 g3 38. Bd2 Ng6 39. Rh3 Bxh4 40. Rah1 Be7 41. Rxh5 Rxh5
42. Rxh5 Rf8 43. Rh1 Bg5 44. Bc1 Nh4 45. Nxg3 fxg3 46. Bxg5 Nxg2 47. Bf6+ Kg6
48. Rg1 Nf4+ 49. Ke3 Nh5 50. f4 Nxf6 51. Rxg3+ Kf7 52. exf6 Kxf6 53. Rh3 Rg8 54.
Rh7 Rg7 55. Rxg7 Kxg7 56. Kf3 Kf6 57. Kg4 Kg6 58. Kg3 Kf6 59. Kg4 Kg6 60. Kg3
Kf5 61. Kf3 1/2-1/2

[Event "World Blitz Women 2022"]
[Site "Almaty KAZ"]
[Date "2022.12.30"]
[Round "13.31"]
[White "Pourkashiyan, Atousa"]
[Black "Schulze, Lara"]
[Result "1/2-1/2"]
[WhiteTitle "WGM"]
[BlackTitle "FM"]
[WhiteElo "2321"]
[BlackElo "2284"]
[WhiteFideId "12502014"]
[BlackFideId "12956830"]
[EventDate "2022.12.29"]

1. e4 c5 2. Nf3 Nc6 3. d4 cxd4 4. Nxd4 Nf6 5. Nc3 d6 6. Be2 e5 7. Nf3 h6 8. O-O
Be7 9. Re1 O-O 10. h3 Be6 11. Bf1 Qa5 12. Bd2 Qd8 13. a3 a6 14. Be3 d5 15. exd5
Nxd5 16. Nxd5 Qxd5 17. Qe2 Rfd8 18. Bb6 Rdc8 19. Rad1 Qa2 20. c3 Qb3 21. Be3 Rd8
22. Bc1 Bf6 23. Nd2 Qb6 24. Ne4 Be7 25. Be3 Qb3 26. Bc5 Rxd1 27. Rxd1 Rd8 28.
Rxd8+ Bxd8 29. Bd6 Bb6 30. Qd2 Qd5 31. Qxd5 Bxd5 32. Ng3 f6 33. Bd3 Na5 34. Nf5
Be6 35. Ne3 Kf7 36. Kf1 Bb3 37. Bb4 Nc6 38. Bc4+ Bxc4+ 39. Nxc4 Nxb4 40. axb4
Bc7 41. Ke2 Ke6 42. Kd3 Kd5 43. Ne3+ Ke6 44. c4 f5 45. Nd5 Bd8 46. f3 g5 47. b3
h5 48. Nc3 g4 49. hxg4 hxg4 50. fxg4 fxg4 51. Ke4 a5 52. bxa5 Bxa5 53. Nd5 Be1
54. Ne3 g3 55. Ng4 Bc3 56. Ne3 Be1 57. Nd5 Bf2 58. Nc3 Bd4 59. Nb5 Bf2 60. Nc7+
Kd6 61. Ne8+ Ke6 62. Ng7+ Kf6 63. Ne8+ Ke6 64. Nc7+ Kd6 65. Nd5 Ke6 66. b4 Be1
67. c5 Bf2 68. Nc7+ Kd7 69. Nd5 Ke6 70. Nb6 Be1 71. b5 Bf2 72. Na4 Bd4 73. Kf3
Bf2 74. c6 bxc6 75. bxc6 Kd6 76. Nc3 Kxc6 77. Ne4 Be1 78. Ke2 Bb4 79. Nxg3 Kd5
80. Nf5 Ke6 81. Ne3 Bc5 82. Nc4 Kf5 1/2-1/2

[Event "World Blitz Women 2022"]
[Site "Almaty KAZ"]
[Date "2022.12.30"]
[Round "13.32"]
[White "Gvetadze, Sofio"]
[Black "Petrova, Irina"]
[Result "0-1"]
[WhiteTitle "IM"]
[BlackTitle "WIM"]
[WhiteElo "2298"]
[BlackElo "2123"]
[WhiteFideId "13601440"]
[BlackFideId "14124122"]
[EventDate "2022.12.29"]

1. Nf3 d6 2. g3 e5 3. Bg2 f5 4. O-O Nf6 5. c4 g6 6. Nc3 Bg7 7. d4 e4 8. Ne1 O-O
9. Nc2 c6 10. Bf4 Na6 11. Qd2 Nc7 12. Bh6 d5 13. cxd5 Ncxd5 14. Bxg7 Kxg7 15. f3
exf3 16. exf3 Be6 17. Na4 Bf7 18. Nc5 Qc7 19. Rae1 Rae8 20. Nd3 Qb6 21. b3 Nd7
22. Kh1 Rxe1 23. Rxe1 Re8 24. Ne5 N7f6 25. Na3 Rd8 26. Nac4 Qb4 27. Qe2 Bg8 28.
Nd3 Qc3 29. Nc5 Re8 30. Ne5 Qxd4 31. Nxb7 Nc3 32. Qe3 Qxe3 33. Rxe3 Ncd5 34. Re1
Nd7 35. f4 Nxe5 36. fxe5 Nb4 37. Nd6 Re6 38. Re3 Nxa2 39. Bxc6 Nb4 40. Bf3 Re7
41. Kg2 Bd5 42. Bxd5 Nxd5 43. Re1 f4 44. Nc4 fxg3 45. hxg3 Nb6 46. Nd2 Nd7 47.
Nf3 Nc5 48. b4 Nd3 49. Re4 h6 50. g4 h5 51. gxh5 gxh5 52. Kh3 Nf2+ 53. Kh4 Nxe4 0-1

[Event "World Blitz Women 2022"]
[Site "Almaty KAZ"]
[Date "2022.12.30"]
[Round "13.33"]
[White "Serikbay, Assel"]
[Black "Eric, Jovana"]
[Result "0-1"]
[WhiteTitle "WIM"]
[BlackTitle "WGM"]
[WhiteElo "2230"]
[BlackElo "2236"]
[WhiteFideId "13706799"]
[BlackFideId "938238"]
[EventDate "2022.12.29"]

1. d4 Nf6 2. c4 e6 3. g3 Bb4+ 4. Bd2 Qe7 5. Bg2 O-O 6. Nc3 d6 7. e4 e5 8. d5 a5
9. Nge2 c6 10. O-O Bc5 11. Na4 Ba7 12. b4 axb4 13. Bxb4 cxd5 14. cxd5 Na6 15.
Bd2 Nc5 16. Nxc5 Bxc5 17. a4 Bd7 18. Qb3 Rfb8 19. a5 Qe8 20. Be3 Bb5 21. Rfe1
Bxe3 22. Qxe3 Nd7 23. Nc3 Bc4 24. Reb1 Nc5 25. Ra3 Qd8 26. Nb5 Qd7 27. Bf1 Bxf1
28. Kxf1 Ra6 29. Nc3 Rba8 30. Rba1 Qd8 31. Nb5 h6 32. Qe1 Qd7 33. Qb4 Nxe4 34.
Kg2 Nc5 35. Nc3 R6a7 36. Rb1 Ra6 37. Nb5 e4 38. Nc3 f5 39. Qd4 Re8 40. Rb6 Rxb6
41. axb6 f4 42. Ra7 f3+ 43. Kf1 Nd3 0-1

[Event "World Blitz Women 2022"]
[Site "Almaty KAZ"]
[Date "2022.12.30"]
[Round "13.34"]
[White "Mikheeva, Galina"]
[Black "Muminova, Nafisa"]
[Result "0-1"]
[WhiteTitle "WFM"]
[BlackTitle "WGM"]
[WhiteElo "1969"]
[BlackElo "2274"]
[WhiteFideId "44108320"]
[BlackFideId "14201526"]
[EventDate "2022.12.29"]

1. e4 e6 2. d4 d5 3. exd5 exd5 4. Nf3 Bd6 5. c4 dxc4 6. Bxc4 Ne7 7. O-O O-O 8.
Nc3 Bg4 9. h3 Bh5 10. g4 Bg6 11. Qb3 Nbc6 12. Qd1 Nb4 13. Bg5 Qd7 14. Bxe7 Qxe7
15. a3 Nc6 16. Re1 Qd7 17. Ne5 Bxe5 18. dxe5 Qe7 19. e6 Qh4 20. Qf3 Nd4 21. Qxb7
fxe6 22. Rf1 Qxh3 23. Be2 Nxe2+ 24. Nxe2 Qxg4+ 25. Ng3 h5 26. Qxc7 h4 27. Kg2
Be4+ 28. Kh2 hxg3+ 29. Qxg3 Qh5+ 30. Qh3 Qxh3+ 31. Kxh3 Rf3+ 32. Kh2 Kf7 33.
Rfc1 Rh8+ 34. Kg1 Kf6 35. Kf1 Bd3+ 36. Ke1 Rh1+ 37. Kd2 Rxc1 38. Rxc1 Be4 39.
Ke2 Bd5 40. Rc7 a6 41. Ra7 Rb3 42. Ke1 Bc4 43. Rc7 Bb5 44. Rc2 Ke5 45. Kd2 Rd3+
46. Ke1 Rb3 47. Kd2 Kd4 48. Ke1 g5 49. Rd2+ Rd3 50. Rc2 g4 51. Re2 Bc4 52. a4
Bb3 53. Kf1 Rd1+ 54. Kg2 Bd5+ 55. Kg3 Bc4 56. Rc2 Rg1+ 57. Kf4 Bd5 58. Rd2+ Kc4
59. Re2 Kb3 60. a5 Kb4 61. Rd2 Kxa5 62. Rd4 Kb5 63. Ke5 a5 64. Rf4 a4 65. Kf6
Bc4 66. Ke5 Kb4 67. Kd4 Bd5 68. Ke5+ Kb3 69. Rd4 Re1+ 70. Kf6 Re4 71. Rd3+ Kxb2
72. Kg5 a3 73. Rd2+ Kc1 0-1

[Event "World Blitz Women 2022"]
[Site "Almaty KAZ"]
[Date "2022.12.30"]
[Round "13.35"]
[White "Lhotska, Anna"]
[Black "Kirchei, Viktoriia"]
[Result "1-0"]
[WhiteTitle "WFM"]
[BlackTitle "WFM"]
[WhiteElo "2159"]
[BlackElo "2070"]
[WhiteFideId "376183"]
[BlackFideId "34133396"]
[EventDate "2022.12.29"]

1. e4 e5 2. Nf3 Nc6 3. Bb5 a6 4. Ba4 Nf6 5. O-O b5 6. Bb3 Be7 7. Re1 d6 8. c3
O-O 9. h3 Na5 10. Bc2 c5 11. d4 Nd7 12. d5 c4 13. b4 cxb3 14. axb3 Nb7 15. b4
Nb6 16. Nbd2 f5 17. exf5 Bxf5 18. Ne4 Qc7 19. Bd2 Kh8 20. Bb3 a5 21. Neg5 Nc4
22. Bc1 axb4 23. Rxa8 Rxa8 24. cxb4 h6 25. Ne6 Bxe6 26. dxe6 Nd8 27. Qd5 Qc8 28.
Qe4 Qxe6 29. Qxa8 Kh7 30. Qe4+ g6 31. Rd1 Nf7 32. Qd5 Qf6 33. Bxc4 bxc4 34. Qxc4
g5 35. b5 1-0

[Event "World Blitz Women 2022"]
[Site "Almaty KAZ"]
[Date "2022.12.30"]
[Round "13.36"]
[White "Machlik, Monika"]
[Black "Yao, Lan"]
[Result "1/2-1/2"]
[BlackTitle "WIM"]
[WhiteElo "2114"]
[BlackElo "2271"]
[WhiteFideId "1513621"]
[BlackFideId "8610835"]
[EventDate "2022.12.29"]

1. d4 Nf6 2. c4 e6 3. Nc3 Bb4 4. Qc2 c5 5. dxc5 Bxc5 6. Nf3 Qb6 7. e3 Qc7 8. g4
h6 9. Rg1 b6 10. h4 Bb7 11. Be2 d5 12. cxd5 Nxd5 13. Nxd5 Bxd5 14. Bd2 Nd7 15.
Bc3 O-O 16. g5 h5 17. g6 f6 18. Rd1 Qc6 19. Nd4 Bxd4 20. Rxd4 e5 21. Rd2 Be6 22.
Bxh5 Nc5 23. Qd1 Ne4 24. Bf3 Rac8 25. Bxe4 Qxe4 26. Qh5 Rfd8 27. Qh7+ Kf8 28.
Qh8+ Bg8 29. Qh5 Qb1+ 30. Rd1 Rxd1+ 31. Qxd1 Qxd1+ 32. Kxd1 Bxa2 33. h5 Ke7 34.
h6 gxh6 35. Bb4+ Kd7 36. g7 Bf7 37. Bf8 Bg8 38. Rh1 Ke6 39. Rxh6 Kf7 40. Rh2
Rd8+ 41. Kc2 Rd5 42. Rh1 Rd7 43. Ra1 Rc7+ 44. Kd2 Rd7+ 45. Kc2 Rc7+ 46. Kd2 Rd7+
47. Kc2 Rc7+ 48. Kd2 Rd7+ 49. Kc2 Rc7+ 50. Kd2 Rd7+ 51. Kc2 Rc7+ 52. Kd2 Rd7+ 1/2-1/2

[Event "World Blitz Women 2022"]
[Site "Almaty KAZ"]
[Date "2022.12.30"]
[Round "13.37"]
[White "Lu, Miaoyi"]
[Black "Nurgaliyeva, Zarina"]
[Result "1-0"]
[BlackTitle "WFM"]
[WhiteElo "2399"]
[BlackElo "2013"]
[WhiteFideId "8618020"]
[BlackFideId "13730096"]
[EventDate "2022.12.29"]

1. e4 e5 2. Nf3 Nc6 3. Bc4 Nf6 4. d4 exd4 5. e5 d5 6. Bb5 Ne4 7. Nxd4 Bc5 8. Be3
O-O 9. Nxc6 bxc6 10. Bxc5 Nxc5 11. Bxc6 Rb8 12. Qxd5 Qg5 13. Nc3 Ne6 14. Ne4 Qg6
15. O-O-O Ba6 16. Rhe1 Rb6 17. Bd7 Nf4 18. Qc5 Rfb8 19. b3 Nxg2 20. Rg1 Qxe4 21.
Rd4 Qb7 22. Rg4 g6 23. R1xg2 Be2 24. R4g3 Bf3 25. Rg1 Ra6 26. Kb2 Qe4 27. Qxc7
Rf8 28. Bb5 Rb6 29. Bd3 Qd4+ 30. Qc3 Qd5 31. Bc4 Qb7 32. Qxf3 Qe7 33. Qc3 a5 34.
a4 Rb4 35. Ka2 Qd7 36. Rd3 Qb7 37. Rgd1 Qb8 38. Rd7 Rb6 39. Qd4 Rc6 40. Qd5 Rc7
41. Rd8 Qb4 42. Rxf8+ Kg7 1-0

[Event "World Blitz Women 2022"]
[Site "Almaty KAZ"]
[Date "2022.12.30"]
[Round "13.38"]
[White "Bayasgalan, Khishigbaatar"]
[Black "Kairbekova, Amina"]
[Result "0-1"]
[WhiteTitle "WCM"]
[BlackTitle "WIM"]
[WhiteElo "1811"]
[BlackElo "2209"]
[WhiteFideId "4904311"]
[BlackFideId "13712799"]
[EventDate "2022.12.29"]

1. d4 Nf6 2. Nc3 d5 3. Bg5 g6 4. Nf3 Bg7 5. e3 O-O 6. Be2 h6 7. Bf4 c5 8. O-O
Nc6 9. dxc5 Bg4 10. Ne5 Bxe2 11. Qxe2 Nh5 12. Nxc6 bxc6 13. Bg3 e5 14. e4 d4 15.
Nd1 Qe7 16. Qc4 Kh8 17. b4 f5 18. exf5 gxf5 19. Qe2 Nxg3 20. fxg3 e4 21. Rb1
Rad8 22. Nf2 Qe6 23. Nh3 Qxa2 24. Nf4 d3 25. cxd3 Qxe2 26. Nxe2 exd3 27. Nf4
Rfe8 28. Rbd1 d2 29. h3 Bc3 0-1

[Event "World Blitz Women 2022"]
[Site "Almaty KAZ"]
[Date "2022.12.30"]
[Round "13.39"]
[White "Samaganova, Aleksandra"]
[Black "Mkrtchyan, Mariam"]
[Result "0-1"]
[WhiteTitle "WFM"]
[BlackTitle "WIM"]
[WhiteElo "1884"]
[BlackElo "2364"]
[WhiteFideId "13800221"]
[BlackFideId "13310828"]
[EventDate "2022.12.29"]

1. c4 c6 2. Nf3 d5 3. e3 Nf6 4. Nc3 e6 5. d4 Nbd7 6. cxd5 exd5 7. Bd3 Bd6 8. O-O
O-O 9. Qc2 Re8 10. Re1 Nf8 11. h4 Ng6 12. e4 dxe4 13. Nxe4 Nxe4 14. Bxe4 Be6 15.
Bd2 Be7 16. b3 Bf6 17. Bc3 Bd5 18. Rad1 Qd6 0-1

[Event "World Blitz Women 2022"]
[Site "Almaty KAZ"]
[Date "2022.12.30"]
[Round "13.40"]
[White "Gaboyan, Susanna"]
[Black "Shukhman, Anna"]
[Result "1-0"]
[WhiteTitle "WIM"]
[BlackTitle "WFM"]
[WhiteElo "2200"]
[BlackElo "2161"]
[WhiteFideId "13303627"]
[BlackFideId "54180058"]
[EventDate "2022.12.29"]

1. e4 c5 2. c3 Nf6 3. e5 Nd5 4. Bc4 e6 5. d4 cxd4 6. cxd4 d6 7. Nf3 Nc6 8. exd6
Bxd6 9. Nc3 O-O 10. O-O a6 11. Bd3 Nxc3 12. bxc3 b5 13. Bxh7+ Kxh7 14. Ng5+ Kg6
15. h4 f5 16. h5+ Kf6 17. d5 exd5 18. Nh7+ Kf7 19. Qxd5+ Be6 20. Qxc6 Re8 21.
Ng5+ Kg8 22. g3 Rc8 23. Qf3 Qf6 24. Rd1 Be5 25. Bf4 Rxc3 26. Bxe5 Qxe5 27. Qb7
Rcc8 28. Re1 Qd5 29. Qxa6 Bd7 30. Rad1 Rxe1+ 31. Rxe1 Bc6 32. f3 Qd2 33. Qxc8+
Be8 34. Qxe8# 1-0